LEADER 01569nam0 2200385 i 450 001 TO01065768 005 20231121125843.0 010 $a8823807824 020 $aIT$b2003-1019 100 $a20020830d2002 ||||0itac50 ba 101 | $aita 102 $ait 181 1$6z01$ai $bxxxe 182 1$6z01$an 200 1 $a˜L'œimpresa e-based$fEnrico Valdani, Andrea Ordanini, Gianmario Verona 210 $aMilano$cEGEA$d2002 215 $aVI, 473 p., \1! c. di tav.$d24 cm. 225 | $aBiblioteca dell'economia d'azienda 410 0$1001CFI0128567$12001 $aBiblioteca dell'economia d'azienda 606 $aAziende$xProduzione$xAutomazione$2FIR$3RMLC400735$9I 606 $aAziende$xInnovazione tecnologica$2FIR$3RMLC186673$9I 676 $a338.454$9$v21 676 $a658.4$9Gestione in generale. Dirigenti e responsabili$v21 700 1$aValdani$b, Enrico$3CFIV013209$4070$07216 701 1$aOrdanini$b, Andrea$3BVEV035335$4070$0438035 701 1$aVerona$b, Gianmario$3MILV211630$4070$089523 801 3$aIT$bIT-01$c20020830 850 $aIT-RM0289 $aIT-FR0098 899 $aBiblioteca Statale A. Baldini$bRM0289 899 $aBiblioteca Area Giuridico Economica$bFR0098 912 $aTO01065768 950 0$aBiblioteca Area Giuridico Economica$d 53IMP 338.454/3$e 53VM 0000119025 VM barcode:ECO010823. - Inventario:6769. - Fondo:Sala consultazioneVM$fA $h20020521$i20121204 977 $a 04$a 53 996 $aImpresa e-based$968214 997 $aUNICAS LEADER 00954nam0 22002291i 450 001 UON00182940 005 20231205103140.224 010 $a88-15-02517-0 100 $a20030730d1990 |0itac50 ba 101 $aita 102 $aIT 105 $a|||| 1|||| 200 1 $aˆL'‰organizzazione della città$eamministrazione comunale e politica urbana a Bol ogna dopo l'Unità (1859-1889)$fAurelio Alaimo 210 $aBologna$cIl Mulino$d1990 - 3 95 p. ; 22 cm 606 $aBologna$xStoria$xSec. 19.$3UONC037880$2FI 700 1$aALAIMO$bAurelio$3UONV105713$0532395 801 $aIT$bSOL$c20260206$gRICA 899 $aSIBA - SISTEMA BIBLIOTECARIO DI ATENEO E ARCHIVIO STORICO$2UONSI 912 $aUON00182940 950 $aSIBA - SISTEMA BIBLIOTECARIO DI ATENEO E ARCHIVIO STORICO$dSI EUR D A 1313 $eSI SC 23223 5 1313 996 $aOrganizzazione della citta'$9900529 997 $aUNIOR